书目信息 |
| 题名: |
大学生自我保健
|
|
| 作者: | 蔡鸣 主编 | |
| 分册: | ||
| 出版信息: | 北京 金盾出版社 2006 |
|
| 页数: | 184页 | |
| 开本: | 21cm | |
| 丛书名: | ||
| 单 册: | ||
| 中图分类: | G647.8 , R161.5 | |
| 科图分类: | ||
| 主题词: | 大学生--保健 , 大学生 , 保健 , 个人卫生 | |
| 电子资源: | ||
| ISBN: | 7-5082-4096-0 | |
| 000 | 00795nam0 2200265 450 | |
| 001 | 1560840762 | |
| 005 | 20150131165438.60 | |
| 010 | @a7-5082-4096-0@dCNY10.00 | |
| 100 | @a20060104d2006 em y0chiy50 ea | |
| 101 | 0 | @achi |
| 102 | @aCN@b110000 | |
| 105 | @ay z 000yy | |
| 200 | 1 | @a大学生自我保健@9da xue sheng zi wo bao jian@f蔡鸣主编 |
| 210 | @a北京@c金盾出版社@d2006 | |
| 215 | @a184页@d21cm | |
| 330 | @a本书针对大学生的身心特点,在饮食营养、环境起居、常见疾病防治、心理素质修养、体育运动、人际交往、生活方式等方面,给与全方位的健康指导。 | |
| 606 | 0 | @a大学生@x保健 |
| 606 | 0 | @a大学生 |
| 606 | 0 | @a保健 |
| 606 | 0 | @a个人卫生 |
| 690 | @aG647.8@v5 | |
| 690 | @aR161.5@v4 | |
| 701 | 0 | @a蔡鸣@9cai ming@4主编 |
| 801 | 0 | @aCN@bTSSF@c20150131 |
| 905 | @aZUCC@dR161.5@eJY277 | |
| 大学生自我保健/蔡鸣主编.-北京:金盾出版社,2006 |
| 184页;21cm |
| ISBN 7-5082-4096-0:CNY10.00 |
| 本书针对大学生的身心特点,在饮食营养、环境起居、常见疾病防治、心理素质修养、体育运动、人际交往、生活方式等方面,给与全方位的健康指导。 |
| ● |
| 相关链接 |
|
|
|
|
正题名:大学生自我保健
索取号:R161.5/JY277
 
预约/预借
| 序号 | 登录号 | 条形码 | 馆藏地/架位号 | 状态 | 备注 |
| 1 | 7861935 | 278619354 | 学院路分馆/ [索取号:R161.5/JY277] | 在馆 | |
| 2 | 7861936 | 278619363 | 学院路分馆/ [索取号:R161.5/JY277] | 在馆 | |
| 3 | 7861937 | 278619372 | 学院路分馆/ [索取号:R161.5/JY277] | 在馆 | |
| 4 | 7861938 | 278619381 | 学院路分馆/ [索取号:R161.5/JY277] | 在馆 |